<?xml version="1.0" encoding="UTF-8"?>
<record
    xmlns:xsi="http://www.w3.org/2001/XMLSchema-instance"
    xsi:schemaLocation="http://www.loc.gov/MARC21/slim http://www.loc.gov/standards/marcxml/schema/MARC21slim.xsd"
    xmlns="http://www.loc.gov/MARC21/slim">

  <leader>00918nam a2200229 i 4500</leader>
  <controlfield tag="001">69747</controlfield>
  <controlfield tag="003">ES-MaACL</controlfield>
  <controlfield tag="005">20250730024613.0</controlfield>
  <controlfield tag="007">t|</controlfield>
  <controlfield tag="008">040709s1914    sp           ||||1| spa d</controlfield>
  <datafield tag="100" ind1="1" ind2=" ">
    <subfield code="a">Garc&#xED;a y G&#xF3;mez, Nieves.</subfield>
    <subfield code="9">55439</subfield>
  </datafield>
  <datafield tag="245" ind1="1" ind2="4">
    <subfield code="a">Las colonias escolares y las escuelas al aire libre en su aplicaci&#xF3;n al mejoramiento de la salud y de la ense&#xF1;anza primaria / </subfield>
    <subfield code="c">por Nieves Garc&#xED;a y G&#xF3;mez.</subfield>
  </datafield>
  <datafield tag="260" ind1=" " ind2=" ">
    <subfield code="a">Madrid : </subfield>
    <subfield code="b">Sociedad Espa&#xF1;ola de Higiene, </subfield>
    <subfield code="c">1914 (</subfield>
    <subfield code="f">Tip. y Lit. de A. Ungr&#xED;a)</subfield>
  </datafield>
  <datafield tag="300" ind1=" " ind2=" ">
    <subfield code="a">33 p. : </subfield>
    <subfield code="b">il. ; </subfield>
    <subfield code="c">20 cm.</subfield>
  </datafield>
  <datafield tag="490" ind1="1" ind2=" ">
    <subfield code="a">Legado Roel: Colecci&#xF3;n de memorias premiadas ; </subfield>
    <subfield code="v">16</subfield>
  </datafield>
  <datafield tag="594" ind1=" " ind2=" ">
    <subfield code="a">Concurso de 1914-1915.</subfield>
  </datafield>
  <datafield tag="650" ind1=" " ind2="4">
    <subfield code="a">Colonias escolares-</subfield>
    <subfield code="z">Espa&#xF1;a.</subfield>
    <subfield code="9">148577</subfield>
  </datafield>
  <datafield tag="710" ind1="2" ind2=" ">
    <subfield code="a">Sociedad Espa&#xF1;ola de Higiene.</subfield>
    <subfield code="9">6725</subfield>
  </datafield>
  <datafield tag="830" ind1="1" ind2="0">
    <subfield code="a">Legado Roel: Colecci&#xF3;n de memorias premiadas</subfield>
    <subfield code="v">16</subfield>
    <subfield code="9">183286</subfield>
  </datafield>
  <datafield tag="852" ind1=" " ind2=" ">
    <subfield code="a">ES-MaACL</subfield>
    <subfield code="j">T-1428-F-9</subfield>
  </datafield>
  <datafield tag="999" ind1=" " ind2=" ">
    <subfield code="c">69747</subfield>
    <subfield code="d">69747</subfield>
  </datafield>
  <datafield tag="952" ind1=" " ind2=" ">
    <subfield code="0">0</subfield>
    <subfield code="1">0</subfield>
    <subfield code="4">0</subfield>
    <subfield code="7">0</subfield>
    <subfield code="8">Colecci&#xF3;n_de_folletos</subfield>
    <subfield code="a">ATENEOM</subfield>
    <subfield code="b">ATENEOM</subfield>
    <subfield code="c">DEPOF</subfield>
    <subfield code="d">2008-01-17</subfield>
    <subfield code="e">SC</subfield>
    <subfield code="l">0</subfield>
    <subfield code="o">T-1428-F-9</subfield>
    <subfield code="p">1073035</subfield>
    <subfield code="r">2023-02-23 00:00:00</subfield>
    <subfield code="w">2023-02-23</subfield>
    <subfield code="y">FOLLETOS</subfield>
  </datafield>
</record>
